An assessment of the implementation, effectiveness and impact of community service orders in Kenya/ (Record no. 4219)

000 -LEADER
fixed length control field 00443nam a22001457a 4500
003 - CONTROL NUMBER IDENTIFIER
control field OSt
005 - DATE AND TIME OF LATEST TRANSACTION
control field 20191118155952.0
008 - FIXED-LENGTH DATA ELEMENTS--GENERAL INFORMATION
fixed length control field 191118b xxu||||| |||| 00| 0 eng d
050 ## - LIBRARY OF CONGRESS CALL NUMBER
Classification number HV9344.O34 2019
100 ## - MAIN ENTRY--PERSONAL NAME
Personal name Odhiambo, O. Hesbon
245 ## - TITLE STATEMENT
Title An assessment of the implementation, effectiveness and impact of community service orders in Kenya/
Statement of responsibility, etc Hesbon Ochieng Odhiambo
260 ## - PUBLICATION, DISTRIBUTION, ETC. (IMPRINT)
Place of publication, distribution, etc Nairobi
Date of publication, distribution, etc 2019
300 ## - PHYSICAL DESCRIPTION
Extent x, 38p:
942 ## - ADDED ENTRY ELEMENTS (KOHA)
Source of classification or shelving scheme
Koha item type Research Project
Holdings
Withdrawn status Lost status Source of classification or shelving scheme Damaged status Not for loan Home library Current library Shelving location Date acquired Total Checkouts Full call number Barcode Date last seen Price effective from Koha item type
          Riara University Library Riara University Library Special Collection 18/11/2019   RUSC HV9344.O34 2019 10312/19 18/11/2019 18/11/2019 Research Project

Riara University Library,
P.O. Box 49940-00100,
Nairobi, Kenya.